[Event "GER-ch Blitz 2019"]
[Site "Magdeburg"]
[Date "2019.05.25"]
[Round "5.12"]
[White "Voege, Tobias"]
[Black "Carow, Johannes"]
[Result "0-1"]
[WhiteElo "2294"]
[BlackElo "2445"]
[Annotator "NA"]
[PlyCount "56"]
[EventDate "2019.05.25"]
[EventType "tourn"]
[EventCountry "GER"]
[Tiebreak "Number of wins+Number of black wins"]
[SourceTitle "playchess.com"]
[Source "ChessBase"]
[SourceQuality "1"]
[TimeControl "180+2"]

1. d4 {[%emt 0:00:00]} d5 {[%emt 0:00:00]} 2. c4 {[%emt 0:00:00]} dxc4 {
[%emt 0:00:00]} 3. e4 {[%emt 0:00:00]} Nf6 {[%emt 0:00:01]} 4. e5 {[%emt 0:00:
03]} Nd5 {[%emt 0:00:01]} 5. Bxc4 {[%emt 0:00:01]} Bf5 {[%emt 0:00:01]} 6. a3 {
[%emt 0:00:08]} e6 {[%emt 0:00:17]} 7. Ne2 {[%emt 0:00:03]} Be7 {[%emt 0:00:05]
} 8. O-O {[%emt 0:00:08]} O-O {[%emt 0:00:02]} 9. Nbc3 {[%emt 0:00:13]} Nxc3 {
[%emt 0:00:14]} 10. bxc3 {[%emt 0:00:12]} c5 {[%emt 0:00:01]} 11. Be3 {[%emt 0:
00:21]} Nd7 {[%emt 0:00:09]} 12. Ng3 {[%emt 0:00:11]} Bg6 {[%emt 0:00:03]} 13.
f4 {[%emt 0:00:08]} cxd4 {[%emt 0:00:06]} 14. cxd4 {[%emt 0:00:03]} Nb6 {
[%emt 0:00:02]} 15. Bb3 {[%emt 0:00:12]} Nd5 {[%emt 0:00:02]} 16. Qd2 {[%emt 0:
00:19]} f5 {[%emt 0:00:20]} 17. exf6 {[%emt 0:00:32]} Bxf6 {[%emt 0:00:02]} 18.
Rad1 {[%emt 0:00:07]} Kh8 {[%emt 0:00:30]} 19. f5 {[%emt 0:00:22]} exf5 {
[%emt 0:00:02]} 20. Nxf5 {[%emt 0:00:01]} Re8 {[%emt 0:00:01]} 21. Bxd5 {
[%emt 0:00:31]} Qxd5 {[%emt 0:00:01]} 22. Nh6 {[%emt 0:00:03]} Rxe3 {[%emt 0:
01:19]} 23. Qxe3 {[%emt 0:00:01]} Bg5 {[%emt 0:00:01]} 24. Nf7+ {[%emt 0:00:06]
} Bxf7 25. Qg3 Bg8 {[%emt 0:00:12]} 26. h4 {[%emt 0:00:02]} Bf6 {[%emt 0:00:01]
} 27. Rf4 {[%emt 0:00:01]} Be5 {[%emt 0:00:10]} 28. Qf3 {[%emt 0:00:03]} Bxf4 {
[%emt 0:00:01]} 0-1

[Event "GER-ch Blitz 2019"]
[Site "Magdeburg"]
[Date "2019.05.25"]
[Round "5.13"]
[White "Schneider, Ilja"]
[Black "Braeuning, Rudolf Wilhelm"]
[Result "1-0"]
[WhiteElo "2494"]
[BlackElo "2285"]
[Annotator "ChessBase"]
[PlyCount "137"]
[EventDate "2019.05.25"]
[EventType "tourn"]
[EventCountry "GER"]
[Tiebreak "Number of wins+Number of black wins"]
[SourceTitle "playchess.com"]
[Source "ChessBase"]
[SourceQuality "1"]
[TimeControl "180+2"]

1. e4 {[%emt 0:00:00]} c5 {[%emt 0:00:00]} 2. c3 {[%emt 0:00:00]} d5 {[%emt 0:
00:05]} 3. exd5 {[%emt 0:00:01]} Qxd5 {[%emt 0:00:01]} 4. Nf3 {[%emt 0:00:01]}
Nc6 {[%emt 0:00:01]} 5. Na3 {[%emt 0:00:01]} Bg4 {[%emt 0:00:12]} 6. Be2 {
[%emt 0:00:01]} e5 {[%emt 0:00:07]} 7. Nc2 {[%emt 0:00:04]} Qd7 {[%emt 0:00:39]
} 8. Ne3 {[%emt 0:00:04]} h5 {[%emt 0:00:09]} 9. h3 {[%emt 0:00:03]} Bxf3 {
[%emt 0:00:12]} 10. Bxf3 {[%emt 0:00:01]} Nf6 {[%emt 0:00:01]} 11. Qa4 {
[%emt 0:00:03]} Nd8 {[%emt 0:00:21]} 12. Qxd7+ {[%emt 0:00:14]} Kxd7 {[%emt 0:
00:04]} 13. d3 {[%emt 0:00:05]} Nc6 {[%emt 0:00:09]} 14. Nc4 {[%emt 0:00:01]}
Bd6 {[%emt 0:00:07]} 15. Be3 {[%emt 0:00:08]} b5 {[%emt 0:00:13]} 16. Nxd6 {
[%emt 0:00:02]} Kxd6 {[%emt 0:00:03]} 17. a4 {[%emt 0:00:28]} b4 {[%emt 0:00:
09]} 18. cxb4 {[%emt 0:00:10]} Nxb4 {[%emt 0:00:17]} 19. Bxa8 {[%emt 0:00:20]}
Nc2+ {[%emt 0:00:01]} 20. Kd2 {[%emt 0:00:19]} Nxa1 {[%emt 0:00:01]} 21. Rxa1 {
[%emt 0:00:11]} Rxa8 {[%emt 0:00:01]} 22. Rc1 {[%emt 0:00:00]} Nd7 {[%emt 0:00:
14]} 23. Rc4 {[%emt 0:00:14]} Rb8 {[%emt 0:00:03]} 24. Kc2 {[%emt 0:00:03]} a5
{[%emt 0:00:16]} 25. Bd2 {[%emt 0:00:08]} Ra8 {[%emt 0:00:12]} 26. Rh4 {
[%emt 0:00:06]} g6 {[%emt 0:00:01]} 27. g4 {[%emt 0:00:05]} hxg4 {[%emt 0:00:
03]} 28. hxg4 {[%emt 0:00:01]} Nb6 {[%emt 0:00:03]} 29. b3 {[%emt 0:00:01]} Nd5
{[%emt 0:00:02]} 30. Rh7 {[%emt 0:00:01]} Ke6 {[%emt 0:00:01]} 31. f3 {[%emt 0:
00:06]} Nb4+ {[%emt 0:00:05]} 32. Bxb4 {[%emt 0:00:03]} cxb4 {[%emt 0:00:01]}
33. Kd2 {[%emt 0:00:17]} Rc8 {[%emt 0:00:01]} 34. Rh1 {[%emt 0:00:08]} Rc3 {
[%emt 0:00:01]} 35. Rh8 {[%emt 0:00:01]} Rxb3 {[%emt 0:00:02]} 36. Ra8 {
[%emt 0:00:01]} Rb2+ {[%emt 0:00:06]} 37. Ke3 {[%emt 0:00:01]} Ra2 {[%emt 0:00:
05]} 38. Rxa5 {[%emt 0:00:01]} b3 {[%emt 0:00:01]} 39. Rb5 {[%emt 0:00:04]}
Rxa4 {[%emt 0:00:02]} 40. Rxb3 f5 {[%emt 0:00:01]} 41. Rb6+ {[%emt 0:00:02]}
Kf7 {[%emt 0:00:01]} 42. g5 {[%emt 0:00:09]} Ra1 {[%emt 0:00:04]} 43. Rb7+ {
[%emt 0:00:01]} Kf8 {[%emt 0:00:02]} 44. Rb5 {[%emt 0:00:03]} f4+ {[%emt 0:00:
02]} 45. Ke4 {[%emt 0:00:08]} Re1+ {[%emt 0:00:01]} 46. Kd5 {[%emt 0:00:01]}
Re3 {[%emt 0:00:01]} 47. Ke6 {[%emt 0:00:03]} Rxf3 {[%emt 0:00:03]} 48. Rb8+ {
[%emt 0:00:02]} Kg7 {[%emt 0:00:00]} 49. Rb7+ {[%emt 0:00:01]} Kg8 {[%emt 0:00:
03]} 50. Rd7 {[%emt 0:00:18]} Re3 {[%emt 0:00:03]} 51. Kf6 {[%emt 0:00:01]} f3
{[%emt 0:00:01]} 52. Kxg6 {[%emt 0:00:01]} Kf8 {[%emt 0:00:01]} 53. Kf6 {
[%emt 0:00:07]} Ke8 {[%emt 0:00:00]} 54. Re7+ {[%emt 0:00:03]} Kd8 {[%emt 0:00:
01]} 55. Rf7 {[%emt 0:00:01]} Rxd3 {[%emt 0:00:02]} 56. Kxe5 {[%emt 0:00:03]}
Ra3 {[%emt 0:00:03]} 57. g6 {[%emt 0:00:01]} Ke8 58. Kf6 {[%emt 0:00:03]} f2 {
[%emt 0:00:05]} 59. Kg7 {[%emt 0:00:00]} Ra2 {[%emt 0:00:01]} 60. Kg8 {[%emt 0:
00:02]} Rd2 {[%emt 0:00:03]} 61. g7 {[%emt 0:00:03]} Rc2 {[%emt 0:00:07]} 62.
Rf3 {[%emt 0:00:01]} Rd2 {[%emt 0:00:01]} 63. Kh7 {[%emt 0:00:06]} f1=Q {
[%emt 0:00:03]} 64. Rxf1 Rh2+ {[%emt 0:00:01]} 65. Kg8 {[%emt 0:00:01]} Ke7 {
[%emt 0:00:00]} 66. Re1+ {[%emt 0:00:01]} Kf6 {[%emt 0:00:01]} 67. Kf8 {
[%emt 0:00:00]} Rf2 {[%emt 0:00:02]} 68. g8=Q {[%emt 0:00:02]} Kf5 {[%emt 0:00:
01]} 69. Qf7+ {[%emt 0:00:01]} 1-0

[Event "GER-ch Blitz 2019"]
[Site "Magdeburg"]
[Date "2019.05.25"]
[Round "5.14"]
[White "Heistermann, Till"]
[Black "Krause, Benedict"]
[Result "0-1"]
[WhiteElo "2181"]
[BlackElo "2434"]
[Annotator "NA"]
[PlyCount "120"]
[EventDate "2019.05.25"]
[EventType "tourn"]
[EventCountry "GER"]
[Tiebreak "Number of wins+Number of black wins"]
[SourceTitle "playchess.com"]
[Source "ChessBase"]
[SourceQuality "1"]
[TimeControl "180+2"]

1. Nf3 {[%emt 0:00:00]} Nf6 {[%emt 0:00:00]} 2. g3 {[%emt 0:00:00]} g6 {
[%emt 0:00:00]} 3. Bg2 {[%emt 0:00:01]} Bg7 {[%emt 0:00:00]} 4. O-O {[%emt 0:
00:02]} O-O 5. c4 c6 {[%emt 0:00:02]} 6. d4 {[%emt 0:00:05]} d5 {[%emt 0:00:01]
} 7. cxd5 {[%emt 0:00:01]} cxd5 {[%emt 0:00:01]} 8. Nc3 {[%emt 0:00:01]} Ne4 {
[%emt 0:00:02]} 9. e3 {[%emt 0:00:04]} Nxc3 {[%emt 0:00:02]} 10. bxc3 {[%emt 0:
00:01]} Nc6 {[%emt 0:00:01]} 11. Qb3 {[%emt 0:00:26]} Na5 {[%emt 0:00:08]} 12.
Qa4 {[%emt 0:00:03]} Bd7 {[%emt 0:00:06]} 13. Qb4 {[%emt 0:00:01]} e6 {[%emt 0:
00:02]} 14. Nd2 {[%emt 0:00:07]} Rc8 {[%emt 0:00:06]} 15. Ba3 {[%emt 0:00:30]}
Re8 {[%emt 0:00:28]} 16. Qb2 {[%emt 0:00:04]} b6 {[%emt 0:00:18]} 17. Rac1 {
[%emt 0:00:06]} Nc4 {[%emt 0:00:12]} 18. Nxc4 {[%emt 0:00:01]} Rxc4 {[%emt 0:
00:01]} 19. Rfe1 {[%emt 0:00:04]} Bf8 {[%emt 0:00:47]} 20. e4 {[%emt 0:00:05]}
dxe4 {[%emt 0:00:21]} 21. Bxe4 {[%emt 0:00:01]} Bc6 {[%emt 0:00:05]} 22. Bxf8 {
[%emt 0:00:06]} Rxf8 {[%emt 0:00:01]} 23. Qe2 {[%emt 0:00:11]} Bd5 {[%emt 0:00:
13]} 24. Rc2 {[%emt 0:00:19]} Bxe4 {[%emt 0:00:04]} 25. Qxe4 {[%emt 0:00:01]}
Qd7 {[%emt 0:00:02]} 26. h4 {[%emt 0:00:17]} h5 {[%emt 0:00:01]} 27. g4 {
[%emt 0:00:08]} hxg4 {[%emt 0:00:18]} 28. Qxg4 {[%emt 0:00:01]} Qd5 {[%emt 0:
00:02]} 29. Re3 {[%emt 0:00:04]} Rfc8 {[%emt 0:00:05]} 30. Rd3 {[%emt 0:00:19]}
b5 {[%emt 0:00:04]} 31. a3 {[%emt 0:00:01]} a5 {[%emt 0:00:01]} 32. h5 {
[%emt 0:00:22]} Qxh5 {[%emt 0:00:03]} 33. Qxh5 {[%emt 0:00:02]} gxh5 {[%emt 0:
00:00]} 34. Rb2 {[%emt 0:00:07]} Rxc3 {[%emt 0:00:01]} 35. Rxc3 {[%emt 0:00:01]
} Rxc3 {[%emt 0:00:01]} 36. Rxb5 {[%emt 0:00:00]} Rxa3 {[%emt 0:00:01]} 37.
Rxh5 {[%emt 0:00:02]} Kg7 {[%emt 0:00:02]} 38. Kg2 {[%emt 0:00:10]} Kf6 {
[%emt 0:00:01]} 39. Rb5 {[%emt 0:00:01]} Ra1 {[%emt 0:00:01]} 40. d5 {[%emt 0:
00:02]} exd5 {[%emt 0:00:01]} 41. Rxd5 {[%emt 0:00:01]} a4 {[%emt 0:00:01]} 42.
Ra5 {[%emt 0:00:01]} a3 {[%emt 0:00:00]} 43. Kh2 {[%emt 0:00:03]} Ke6 {[%emt 0:
00:01]} 44. Kg2 Kd6 45. Ra7 {[%emt 0:00:03]} Kc5 {[%emt 0:00:04]} 46. Rxf7 {
[%emt 0:00:03]} Rd1 {[%emt 0:00:08]} 47. Ra7 {[%emt 0:00:02]} Kb4 {[%emt 0:00:
00]} 48. f4 {[%emt 0:00:04]} Kb3 {[%emt 0:00:02]} 49. Kg3 {[%emt 0:00:02]} a2 {
[%emt 0:00:07]} 50. Kg4 {[%emt 0:00:06]} a1=Q {[%emt 0:00:05]} 51. Rxa1 {
[%emt 0:00:01]} Rxa1 {[%emt 0:00:01]} 52. Kf5 {[%emt 0:00:06]} Kc4 {[%emt 0:00:
01]} 53. Ke5 {[%emt 0:00:01]} Re1+ {[%emt 0:00:04]} 54. Kd6 {[%emt 0:00:03]}
Rf1 {[%emt 0:00:04]} 55. Ke5 {[%emt 0:00:01]} Kc5 {[%emt 0:00:01]} 56. f5 {
[%emt 0:00:03]} Re1+ {[%emt 0:00:00]} 57. Kf6 {[%emt 0:00:01]} Kd6 {[%emt 0:00:
01]} 58. Kg7 {[%emt 0:00:04]} Ke7 {[%emt 0:00:10]} 59. f6+ Ke6 60. f7 {[%emt 0:
00:11]} Rg1+ {[%emt 0:00:01]} 0-1

[Event "GER-ch Blitz 2019"]
[Site "Magdeburg"]
[Date "2019.05.25"]
[Round "5.15"]
[White "Hebbinghaus, Holger"]
[Black "Barzen, Pascal"]
[Result "0-1"]
[WhiteElo "2310"]
[BlackElo "2292"]
[Annotator "NA"]
[PlyCount "122"]
[EventDate "2019.05.25"]
[EventType "tourn"]
[EventCountry "GER"]
[Tiebreak "Number of wins+Number of black wins"]
[SourceTitle "playchess.com"]
[Source "ChessBase"]
[SourceQuality "1"]
[TimeControl "180+2"]

1. e4 {[%emt 0:00:00]} c6 {[%emt 0:00:00]} 2. d4 {[%emt 0:00:00]} d5 {[%emt 0:
00:01]} 3. exd5 {[%emt 0:00:02]} cxd5 {[%emt 0:00:01]} 4. Bf4 {[%emt 0:00:01]}
Nc6 {[%emt 0:00:01]} 5. c3 {[%emt 0:00:02]} Nf6 {[%emt 0:00:01]} 6. Nd2 {
[%emt 0:00:02]} Bg4 {[%emt 0:00:01]} 7. Qb3 {[%emt 0:00:05]} Qc8 {[%emt 0:00:
01]} 8. Ngf3 {[%emt 0:00:09]} e6 {[%emt 0:00:01]} 9. Bd3 {[%emt 0:00:03]} Be7 {
[%emt 0:00:00]} 10. O-O {[%emt 0:00:07]} O-O {[%emt 0:00:02]} 11. Ne5 {[%emt 0:
00:03]} Bh5 {[%emt 0:00:05]} 12. Qc2 {[%emt 0:00:10]} Bg6 {[%emt 0:00:11]} 13.
Nxg6 {[%emt 0:00:06]} hxg6 {[%emt 0:00:01]} 14. Rae1 {[%emt 0:00:09]} a6 {
[%emt 0:00:01]} 15. Nf3 {[%emt 0:00:20]} b5 {[%emt 0:00:01]} 16. a3 {[%emt 0:
00:08]} Qb7 {[%emt 0:00:08]} 17. Re3 {[%emt 0:00:38]} Rac8 {[%emt 0:00:04]} 18.
Qe2 {[%emt 0:00:06]} Ng4 {[%emt 0:00:08]} 19. Rxe6 {[%emt 0:00:12]} Qd7 {
[%emt 0:00:53]} 20. Rxe7 {[%emt 0:00:52]} Qxe7 {[%emt 0:00:04]} 21. Qd2 {
[%emt 0:00:07]} Nf6 {[%emt 0:00:05]} 22. Re1 {[%emt 0:00:03]} Ne4 {[%emt 0:00:
16]} 23. Qe3 {[%emt 0:00:06]} Rfe8 {[%emt 0:00:02]} 24. h4 {[%emt 0:00:07]} Qd7
{[%emt 0:00:11]} 25. Qc1 {[%emt 0:00:03]} Qg4 {[%emt 0:00:01]} 26. Bh2 {
[%emt 0:00:03]} Nf6 {[%emt 0:00:25]} 27. Rxe8+ {[%emt 0:00:05]} Rxe8 {[%emt 0:
00:01]} 28. Bg3 {[%emt 0:00:04]} Ne4 {[%emt 0:00:01]} 29. Bh2 {[%emt 0:00:02]}
Ne7 {[%emt 0:00:11]} 30. Qf4 {[%emt 0:00:01]} Qxf4 31. Bxf4 {[%emt 0:00:01]} f6
{[%emt 0:00:07]} 32. Kf1 {[%emt 0:00:02]} Nc6 {[%emt 0:00:03]} 33. g4 {[%emt 0:
00:02]} Kf7 {[%emt 0:00:02]} 34. Ne1 {[%emt 0:00:02]} Na5 {[%emt 0:00:02]} 35.
Bc2 {[%emt 0:00:02]} Nc4 {[%emt 0:00:01]} 36. Nd3 g5 {[%emt 0:00:07]} 37. hxg5
{[%emt 0:00:03]} fxg5 {[%emt 0:00:00]} 38. Be5 {[%emt 0:00:03]} Nf6 {[%emt 0:
00:09]} 39. f3 {[%emt 0:00:00]} Nd7 {[%emt 0:00:01]} 40. Kf2 {[%emt 0:00:03]}
Ndxe5 {[%emt 0:00:02]} 41. dxe5 {[%emt 0:00:01]} Nxe5 {[%emt 0:00:01]} 42. Nb4
{[%emt 0:00:02]} Nc4 {[%emt 0:00:04]} 43. Nd3 {[%emt 0:00:02]} d4 {[%emt 0:00:
07]} 44. cxd4 Rd8 45. b3 {[%emt 0:00:04]} Nxa3 {[%emt 0:00:01]} 46. Bd1 {
[%emt 0:00:01]} Rxd4 {[%emt 0:00:01]} 47. Ke3 {[%emt 0:00:01]} Rd8 {[%emt 0:00:
02]} 48. Ne5+ {[%emt 0:00:02]} Kf6 {[%emt 0:00:02]} 49. Nd3 {[%emt 0:00:01]}
Nb1 {[%emt 0:00:06]} 50. Bc2 {[%emt 0:00:03]} Nc3 {[%emt 0:00:03]} 51. Nc5 {
[%emt 0:00:02]} Nd5+ {[%emt 0:00:02]} 52. Ke2 {[%emt 0:00:02]} Nf4+ {[%emt 0:
00:01]} 53. Ke3 {[%emt 0:00:01]} Rc8 {[%emt 0:00:01]} 54. Ne4+ {[%emt 0:00:02]}
Ke5 {[%emt 0:00:02]} 55. Bd1 {[%emt 0:00:01]} a5 {[%emt 0:00:04]} 56. Kd2 {
[%emt 0:00:04]} Kd4 {[%emt 0:00:02]} 57. Nd6 {[%emt 0:00:02]} Rd8 {[%emt 0:00:
05]} 58. Nf5+ {[%emt 0:00:04]} Kc5+ {[%emt 0:00:02]} 59. Kc2 {[%emt 0:00:01]}
a4 {[%emt 0:00:02]} 60. bxa4 {[%emt 0:00:03]} bxa4 {[%emt 0:00:01]} 61. Nxg7 {
[%emt 0:00:01]} a3 {[%emt 0:00:03]} 0-1

[Event "GER-ch Blitz 2019"]
[Site "Magdeburg"]
[Date "2019.05.25"]
[Round "6.1"]
[White "Heidrich, Manfred"]
[Black "Gustafsson, Jan"]
[Result "1/2-1/2"]
[WhiteElo "2351"]
[BlackElo "2639"]
[Annotator "ChessBase"]
[PlyCount "128"]
[EventDate "2019.05.25"]
[EventType "tourn"]
[EventCountry "GER"]
[Tiebreak "Number of wins+Number of black wins"]
[SourceTitle "playchess.com"]
[Source "ChessBase"]
[SourceQuality "1"]
[TimeControl "180+2"]

1. e4 {[%emt 0:00:00]} e5 {[%emt 0:00:00]} 2. Nf3 {[%emt 0:00:00]} Nc6 {
[%emt 0:00:00]} 3. Nc3 {[%emt 0:00:04]} Nf6 {[%emt 0:00:02]} 4. Bb5 Bd6 {
[%emt 0:00:03]} 5. d4 {[%emt 0:00:05]} O-O {[%emt 0:00:02]} 6. O-O {[%emt 0:00:
13]} exd4 {[%emt 0:00:06]} 7. Nxd4 {[%emt 0:00:01]} Nxd4 {[%emt 0:00:06]} 8.
Qxd4 {[%emt 0:00:02]} Qe7 9. Bg5 {[%emt 0:00:27]} Bxh2+ {[%emt 0:00:10]} 10.
Kh1 {[%emt 0:00:09]} Be5 {[%emt 0:00:02]} 11. Qd3 {[%emt 0:00:02]} c6 {[%emt 0:
00:03]} 12. Ba4 {[%emt 0:00:10]} Qb4 {[%emt 0:00:16]} 13. Bb3 {[%emt 0:00:06]}
Bxc3 {[%emt 0:00:12]} 14. bxc3 {[%emt 0:00:06]} Qxe4 {[%emt 0:00:03]} 15. Bxf6
{[%emt 0:00:12]} Qxd3 {[%emt 0:00:02]} 16. cxd3 {[%emt 0:00:00]} gxf6 {[%emt 0:
00:03]} 17. Rfe1 {[%emt 0:00:07]} d5 {[%emt 0:00:01]} 18. Re7 {[%emt 0:00:02]}
Bf5 {[%emt 0:00:06]} 19. Rxb7 {[%emt 0:00:22]} Bxd3 {[%emt 0:00:03]} 20. Ba4 {
[%emt 0:00:08]} c5 {[%emt 0:00:29]} 21. Re1 {[%emt 0:00:11]} Rab8 {[%emt 0:00:
16]} 22. Ree7 {[%emt 0:00:12]} Rxb7 {[%emt 0:00:02]} 23. Rxb7 {[%emt 0:00:10]}
a5 {[%emt 0:00:02]} 24. Rd7 {[%emt 0:00:02]} Bc4 {[%emt 0:00:04]} 25. Bb3 {
[%emt 0:00:02]} Bxb3 {[%emt 0:00:02]} 26. axb3 {[%emt 0:00:01]} c4 {[%emt 0:00:
21]} 27. bxc4 {[%emt 0:00:09]} dxc4 {[%emt 0:00:01]} 28. Ra7 {[%emt 0:00:01]}
Rd8 {[%emt 0:00:03]} 29. Rxa5 {[%emt 0:00:02]} Rd3 {[%emt 0:00:02]} 30. Ra3 {
[%emt 0:00:05]} Kg7 {[%emt 0:00:01]} 31. Kg1 {[%emt 0:00:02]} Kg6 {[%emt 0:00:
02]} 32. Kf1 {[%emt 0:00:01]} f5 {[%emt 0:00:03]} 33. Ke2 {[%emt 0:00:02]} f4 {
[%emt 0:00:05]} 34. f3 {[%emt 0:00:04]} h5 {[%emt 0:00:08]} 35. Ra6+ {[%emt 0:
00:06]} f6 {[%emt 0:00:02]} 36. Ra3 {[%emt 0:00:01]} Kg5 {[%emt 0:00:04]} 37.
Kf2 {[%emt 0:00:05]} Rd2+ {[%emt 0:00:02]} 38. Kg1 {[%emt 0:00:14]} Rc2 {
[%emt 0:00:02]} 39. Kh2 {[%emt 0:00:06]} Kh4 {[%emt 0:00:08]} 40. Ra6 {[%emt 0:
00:10]} Rxc3 {[%emt 0:00:02]} 41. Rxf6 {[%emt 0:00:01]} Kg5 {[%emt 0:00:01]}
42. Rc6 {[%emt 0:00:00]} Rc1 {[%emt 0:00:04]} 43. Rc5+ {[%emt 0:00:02]} Kg6 {
[%emt 0:00:05]} 44. Rc6+ {[%emt 0:00:01]} Kf7 {[%emt 0:00:05]} 45. Rh6 {
[%emt 0:00:04]} c3 {[%emt 0:00:03]} 46. Rxh5 {[%emt 0:00:01]} Ke6 {[%emt 0:00:
02]} 47. Rc5 {[%emt 0:00:01]} Kd6 {[%emt 0:00:01]} 48. Rc4 {[%emt 0:00:01]} Kd5
{[%emt 0:00:01]} 49. Rc8 {[%emt 0:00:02]} Kd4 {[%emt 0:00:01]} 50. Rd8+ {
[%emt 0:00:03]} Ke3 {[%emt 0:00:01]} 51. Re8+ {[%emt 0:00:01]} Kf2 {[%emt 0:00:
02]} 52. Rc8 {[%emt 0:00:01]} Ke2 {[%emt 0:00:05]} 53. Kh3 {[%emt 0:00:03]} Kd2
{[%emt 0:00:02]} 54. Kg4 {[%emt 0:00:01]} Rg1 {[%emt 0:00:01]} 55. Kxf4 {
[%emt 0:00:01]} Rxg2 {[%emt 0:00:03]} 56. Ke4 {[%emt 0:00:01]} c2 {[%emt 0:00:
03]} 57. f4 {[%emt 0:00:00]} c1=Q {[%emt 0:00:12]} 58. Rxc1 {[%emt 0:00:01]}
Kxc1 {[%emt 0:00:03]} 59. f5 Kd2 {[%emt 0:00:02]} 60. f6 {[%emt 0:00:02]} Kc3 {
[%emt 0:00:10]} 61. Ke5 {[%emt 0:00:01]} Kc4 {[%emt 0:00:02]} 62. f7 {[%emt 0:
00:02]} Rf2 {[%emt 0:00:01]} 63. Ke6 {[%emt 0:00:00]} Kc5 {[%emt 0:00:03]} 64.
Ke7 {[%emt 0:00:01]} Rxf7+ 1/2-1/2

[Event "GER-ch Blitz 2019"]
[Site "Magdeburg"]
[Date "2019.05.25"]
[Round "6.2"]
[White "Kirchner, Thomas"]
[Black "Svane, Frederik"]
[Result "0-1"]
[WhiteElo "2311"]
[BlackElo "2342"]
[Annotator "NA"]
[PlyCount "83"]
[EventDate "2019.05.25"]
[EventType "tourn"]
[EventCountry "GER"]
[Tiebreak "Number of wins+Number of black wins"]
[SourceTitle "playchess.com"]
[Source "ChessBase"]
[SourceQuality "1"]
[TimeControl "180+2"]

1. e4 {[%emt 0:00:00]} c5 {[%emt 0:00:00]} 2. Nf3 {[%emt 0:00:00]} e6 {[%emt 0:
00:00]} 3. c3 {[%emt 0:00:02]} d5 {[%emt 0:00:03]} 4. e5 {[%emt 0:00:01]} Nc6 {
[%emt 0:00:06]} 5. d4 {[%emt 0:00:01]} Bd7 {[%emt 0:00:03]} 6. Bd3 {[%emt 0:00:
02]} Qb6 {[%emt 0:00:03]} 7. Bc2 {[%emt 0:00:01]} cxd4 {[%emt 0:00:07]} 8. cxd4
{[%emt 0:00:02]} Nb4 {[%emt 0:00:01]} 9. Nc3 {[%emt 0:00:06]} Nxc2+ {[%emt 0:
00:06]} 10. Qxc2 {[%emt 0:00:01]} Ne7 {[%emt 0:00:25]} 11. O-O {[%emt 0:00:04]}
Nf5 {[%emt 0:00:14]} 12. Rd1 {[%emt 0:00:14]} Be7 {[%emt 0:00:04]} 13. Be3 {
[%emt 0:00:31]} Rc8 {[%emt 0:00:10]} 14. a3 {[%emt 0:00:02]} O-O {[%emt 0:00:
10]} 15. Rac1 {[%emt 0:00:01]} Rc4 {[%emt 0:00:16]} 16. Nd2 {[%emt 0:00:26]}
Rc7 {[%emt 0:00:18]} 17. b4 {[%emt 0:00:37]} Rfc8 {[%emt 0:00:56]} 18. Qd3 {
[%emt 0:00:08]} Qa6 {[%emt 0:00:06]} 19. Qxa6 {[%emt 0:00:05]} bxa6 {[%emt 0:
00:01]} 20. Ne2 {[%emt 0:00:01]} Bb5 {[%emt 0:00:11]} 21. Rxc7 {[%emt 0:00:10]}
Rxc7 {[%emt 0:00:00]} 22. Rc1 {[%emt 0:00:04]} Rxc1+ {[%emt 0:00:03]} 23. Nxc1
{[%emt 0:00:01]} a5 {[%emt 0:00:02]} 24. bxa5 {[%emt 0:00:07]} Bxa3 {[%emt 0:
00:01]} 25. Ncb3 {[%emt 0:00:01]} Bb4 {[%emt 0:00:08]} 26. g4 {[%emt 0:00:01]}
Ne7 {[%emt 0:00:04]} 27. Kg2 {[%emt 0:00:03]} Nc6 {[%emt 0:00:01]} 28. f4 {
[%emt 0:00:10]} Nxa5 29. Nxa5 Bxa5 {[%emt 0:00:01]} 30. Nb3 {[%emt 0:00:05]}
Bc3 {[%emt 0:00:02]} 31. Kf3 {[%emt 0:00:02]} a5 {[%emt 0:00:02]} 32. Bd2 {
[%emt 0:00:07]} Bxd2 {[%emt 0:00:02]} 33. Nxd2 {[%emt 0:00:01]} Kf8 {[%emt 0:
00:03]} 34. Ke3 {[%emt 0:00:02]} Ke7 {[%emt 0:00:02]} 35. g5 {[%emt 0:00:02]}
Kd7 {[%emt 0:00:05]} 36. Nb1 {[%emt 0:00:01]} Kc6 {[%emt 0:00:02]} 37. Kd2 {
[%emt 0:00:03]} Bc4 {[%emt 0:00:04]} 38. Na3 {[%emt 0:00:02]} Bf1 {[%emt 0:00:
04]} 39. h4 {[%emt 0:00:02]} Kb6 {[%emt 0:00:05]} 40. Kc3 {[%emt 0:00:01]} Be2
{[%emt 0:00:03]} 41. Kd2 {[%emt 0:00:01]} Bf1 {[%emt 0:00:02]} 42. Kc3 {
[%emt 0:00:00]} 0-1